02089cam a22003974i 4500003000900000005001700009008004100026035002000067040003300087100003100120245012000151264000900271300004000280336002100320337002500341338002300366502005900389504002400448520101900472526001001491526001001501526000901511526000901520526000901529526000901538526000901547526000901556526000901565526000801574526000801582526000801590526000801598526000801606650004501614700003201659PE-LiUPU20250731165412.0151030s2008 pe a grm 000 0 spa d a(Sirsi) a155100 aPE-LiUPUbspacPE-LiUPUerda1 aLeyva Tapia, Magalieautor1 aCreencias irracionales en sujeros adictos y no adictos a sustancias psicoactivas, año 2008 /cMagali Leyva Tapia. 0c2008 a131 hojas : bilustraciones;c30 cm atext2rdacontent aunmediated2rdamedia avolume2rdacarrier aTesisb(Lic.) -- cUniversidad Peruana Unión,d2008. aIncluye referencias3 aSe comparan las creencias irracionales en sujetos adictos y no adictos a sustancias psicoactivas. Se empleo un diseño no experimental de tipo descriptivo y comparativo. Participaron una muestra de 53 adictos a sustancias psicoactivas (Pasta Básica de Cocaína 30.2 por cien, Clorhidrato de Cocaína 9.4 por ciento, Marihuana 26.4 por ciento, Alcohol 5.7 por ciento, Poli dicción 28.3 por ciento y un grupo de 50 personas si adicciones químicas; ambos grupos tenían características sociodemográficas similares. Para evaluar las creencias irracionales se aplicó el inventario de creencias irracionales de Albert Ellis y una ficha de datos para ambos grupos de sujetos. Los resultados mostraron que los sujetos adictos presentaban mayores niveles de disfuncionalidad respecto de personas no adictas. Estas diferencias fueron mas notorias en la creencia 6: Ansiedad a lo desconocido y la creencia 9: Afección al pasado, observándose también diferencias significativas entre los grupos (p0,001). aSEG44 aSEG26 aP151 aP150 aP149 aP146 aP145 aP126 aP125 aP92 aP75 aP74 aP27 aP1504aDrogadicciónxAspectos psicológicos.1 aInfante Moza, Carloseautor